Tilastot visalle S:llä alkavat Suomen kunnat

Klikkaa tästä pelataksesi tätä visaa!

Yleistilastot

  • Tätä visaa on pelattu 1 098 kertaa
  • Keskiarvotulos 20 / 30

Vastaustilastot

MaakuntaKunta% Oikein
Etelä-PohjanmaaSeinäjoki
83%
LappiSalla
79%
UusimaaSipoo
77%
Varsinais-SuomiSalo
76%
Etelä-SavoSavonlinna
75%
PirkanmaaSastamala
74%
LappiSodankylä
74%
LappiSimo
72%
KainuuSuomussalmi
72%
Keski-SuomiSaarijärvi
70%
LappiSavukoski
70%
Pohjois-SavoSiilinjärvi
70%
KainuuSotkamo
69%
UusimaaSiuntio
68%
Pohjois-SavoSuonenjoki
68%
Pohjois-SavoSonkajärvi
65%
Pohjois-PohjanmaaSiikajoki
63%
Varsinais-SuomiSomero
63%
Päijät-HämeSysmä
63%
AhvenanmaaSottunga
62%
Etelä-SavoSulkava
60%
Pohjois-PohjanmaaSiikalatva
59%
AhvenanmaaSund
59%
SatakuntaSiikainen
58%
SatakuntaSäkylä
57%
Pohjois-PohjanmaaSievi
56%
Etelä-KarjalaSavitaipale
55%
AhvenanmaaSaltvik
54%
Varsinais-SuomiSauvo
54%
Etelä-PohjanmaaSoini
54%

Tulosjakauma

Persentiili vastausten määrän mukaan

Jokaisen tuloksen saaneiden osuus

Tuloshistoriasi

Et ole pelannut tätä visaa